[Event "ChIP"]
[Site "Paris FRA"]
[Date "2007.07.11"]
[Round "5"]
[White "Pg,Mohd Omar Ak Hirawa"]
[Black "Camus de Solliers,G"]
[Result "1-0"]
[WhiteElo "2344"]
[BlackElo "2314"]

1.e4 c5 2.Nf3 e6 3.d4 cxd4 4.Nxd4 Nc6 5.Nc3 Qc7 6.Be2 a6 7.O-O Nf6 8.a4 Bb4
9.Nxc6 bxc6 10.Qd4 c5 11.Qe3 Bb7 12.e5 Bxc3 13.Qxc3 Nd5 14.Qg3 O-O-O 15.Bf3 h5
16.h4 f6 17.c4 Ne7 18.Bxb7+ Qxb7 19.exf6 gxf6 20.Qd6 Rdg8 21.f3 Nf5 22.Qxc5+ Kd8
23.Bd2 Nxh4 24.Rf2 Ke8 25.Re1 Rg6 26.Bb4 Rg7 27.Re4 Nxf3+ 28.Rxf3 Qxe4 29.Qc8+ Kf7
30.Qxd7+ Kg8 31.Qe8+ Kh7 32.Qxh5+ Kg8 33.Qe8+ Kh7 34.Rh3+  1-0

[Event "XXII Tadeusz Gniota Mem"]
[Site "Police POL"]
[Date "2007.07.11"]
[Round "1"]
[White "Tokarczyk,T"]
[Black "Hnydiuk,A"]
[Result "1/2-1/2"]
[WhiteElo "2112"]
[BlackElo "2377"]

1.e4 c5 2.Nf3 e6 3.d4 cxd4 4.Nxd4 Nc6 5.Nc3 a6 6.g3 Qc7 7.Bg2 Nf6 8.O-O d6
9.Re1 Rb8 10.Nxc6 bxc6 11.e5 dxe5 12.Rxe5 Bd6 13.Re1 O-O 14.b3 c5 15.Bb2 c4
16.Ne4 Nxe4  1/2-1/2

[Event "Campeonato Continental Absolut"]
[Site "Cali COL"]
[Date "2007.07.12"]
[Round "3"]
[White "Orozco,Lu"]
[Black "Nina,M"]
[Result "0-1"]
[WhiteElo "1889"]
[BlackElo "2312"]

1.e4 c5 2.Nf3 e6 3.d4 cxd4 4.Nxd4 Nc6 5.Nc3 Nf6 6.Ndb5 d6 7.Bg5 a6 8.Bxf6 gxf6
9.Nd4 Qc7 10.Nxc6 bxc6 11.g3 d5 12.Bg2 Rb8 13.Rb1 Qa5 14.O-O Bb4 15.Qf3 Ke7
16.a3 Bd6 17.Qd3 Be5 18.b4 Qb6 19.Ne2 a5 20.bxa5 Qxb1 21.Rxb1 Rxb1+ 22.Bf1 dxe4
23.Qxe4 Rd8 24.f4 Bb8 25.Nc3 Ba7+ 26.Kg2 Rd2+ 27.Be2 Rb2 28.Kh3 Rbxc2 29.Qxc6 Bd7
30.Qe4 Bd4 31.Nd5+ Kd6 32.Nb4 e5+ 33.f5 Rxe2 34.Qd5+ Ke7 35.Nxc2 Rxc2 36.Qe4 Ra2
37.Qd3 Rf2 38.Qc4 Bxf5+ 39.g4 Rf3+ 40.Kg2 Be4 41.Qb4+ Kd7 42.Qf8 Rxa3+ 43.Kf1 Ra1+
44.Ke2 Ra2+ 45.Kf1 Bd3+ 46.Ke1 Bc3+  0-1

[Event "Kaupthing Open"]
[Site "Differdange LUX"]
[Date "2007.07.12"]
[Round "7"]
[White "Lagerman,R"]
[Black "Berend,F"]
[Result "1-0"]
[WhiteElo "2315"]
[BlackElo "2346"]

1.e4 c5 2.Nf3 e6 3.d4 cxd4 4.Nxd4 Nc6 5.Nc3 a6 6.Be2 d6 7.O-O Nf6 8.Be3 Be7
9.Kh1 O-O 10.f4 Bd7 11.Qe1 Nxd4 12.Bxd4 Bc6 13.Qg3 g6 14.Bf3 Nd7 15.f5 e5
16.Be3 b5 17.Bh6 Re8 18.fxg6 hxg6 19.Bh5 Bh4 20.Qg4 Nf6 21.Qxh4 Nxh5 22.Bg5 Qd7
23.g4 Ng7 24.Bf6 Re6 25.Nd5 Bxd5 26.exd5 Qb7 27.Rad1 Rc8 28.Rf3 Rc4 29.Bxg7 Kxg7
30.Rh3 Re8 31.Qh6+ Kf6 32.Rf1+ Rf4 33.Rxf4+ exf4 34.Qxf4+ Kg7 35.Qh6+ Kf6
36.Rf3+ Ke7  1-0

[Event "Inautomarket Open"]
[Site "Minsk BLR"]
[Date "2007.07.12"]
[Round "3"]
[White "Zhigalko,A"]
[Black "Gagarin,V"]
[Result "1-0"]
[WhiteElo "2529"]
[BlackElo "2404"]

1.e4 c5 2.Nf3 e6 3.d4 cxd4 4.Nxd4 Nc6 5.Nc3 Qc7 6.Be3 a6 7.Qd2 Nf6 8.f3 Nxd4
9.Qxd4 Bd6 10.O-O-O Be5 11.Qb4 b5 12.a4 Bxc3 13.bxc3 bxa4 14.Bc5 d5 15.c4 dxe4
16.Be2 Bd7 17.Bd6 Qa7 18.c5 Bc6 19.Rd4 Nd5 20.Qb2 Ne7 21.fxe4 O-O 22.Qb6 Bb5
23.c4 Be8 24.Rhd1 a3 25.R4d3 Ba4 26.R1d2 Rfc8 27.Rxa3 Bc6 28.Rda2 Bxe4 29.Rxa6 Qxb6
30.cxb6 Rxa6 31.Rxa6 Nf5 32.Bc7 Bxg2 33.Ra7 Nd4 34.Bf1 Nb5 35.Bxg2 Nxa7 36.bxa7  1-0

[Event "Ladoga Summer"]
[Site "Novaya Ladoga RUS"]
[Date "2007.07.12"]
[Round "8"]
[White "Akatova,E"]
[Black "Shkuran,D"]
[Result "1-0"]
[WhiteElo "2219"]
[BlackElo "2420"]

1.e4 c5 2.Nf3 e6 3.d4 cxd4 4.Nxd4 Nc6 5.Nc3 a6 6.Be3 Qc7 7.g3 Nf6 8.Bg2 Be7
9.O-O O-O 10.f4 d6 11.Nxc6 bxc6 12.g4 Rd8 13.g5 Nd7 14.Qh5 Rb8 15.f5 g6 16.fxg6 fxg6
17.Qh4 Rf8 18.Rxf8+ Bxf8 19.Rf1 Bg7 20.Nd1 Ne5 21.b3 a5 22.Nf2 Ba6 23.Rd1 Rf8
24.h3 Qe7 25.c4 c5 26.Ng4 Nxg4 27.Qxg4 Rb8 28.Qg3 Rb6 29.Qe1 Rb4 30.Qg3 Be5
31.Bf4 Bd4+ 32.Rxd4 cxd4 33.Bxd6 Qb7 34.Qf2 Qg7 35.Bxb4 axb4 36.Qd2 Qe5 37.Qxb4 d3
38.Qb6 Kf7 39.Qd8 Qc5+ 40.Kf1 Qe3 41.Qf6+ Kg8 42.Qxe6+ Kg7 43.Qd7+ Kg8 44.Qe8+ Kg7
45.Qe5+ Kg8 46.Qe6+ Kg7 47.Qf6+ Kg8 48.Bf3 d2 49.Kg2 d1=Q 50.Bxd1 Qd2+ 51.Kg3 Qe1+
52.Kf4 Qd2+ 53.Ke5 Qa5+ 54.Kd6 Qb6+ 55.Ke5 Qc5+ 56.Kf4 Bc8 57.Bf3  1-0

[Event "ch-SWE"]
[Site "Stockholm SWE"]
[Date "2007.07.12"]
[Round "12"]
[White "Ong,Kez"]
[Black "Cramling,P"]
[Result "0-1"]
[WhiteElo "2284"]
[BlackElo "2535"]

1.e4 c5 2.Nf3 e6 3.d4 cxd4 4.Nxd4 Nc6 5.Nc3 Qc7 6.Be2 a6 7.O-O Nf6 8.Be3 Be7
9.f4 d6 10.Kh1 O-O 11.a4 Re8 12.Nb3 b6 13.Bf3 Bb7 14.Qd2 Nd7 15.a5 b5 16.Qf2 Rac8
17.g4 Bf8 18.g5 g6 19.Bg2 Bg7 20.f5 Nce5 21.Bb6 Qb8 22.Rad1 b4 23.Na2 exf5
24.Nxb4 Ng4 25.Qd2 Nxb6 26.axb6 d5 27.e5 Rxe5 28.Nd3 Re2 29.Qf4 d4 30.Bxb7 Qxb7+
31.Qf3 Rxh2+ 32.Kg1 Qxb6 33.Rd2 Rxd2 34.Nxd2 Rxc2 35.Nb1 Qd8 36.Na3 Qc7 37.Qf4 Qxf4
38.Rxf4 Rd2 39.Rf3 Rd1+ 40.Kg2 Ne3+  0-1

[Event "XXX Open"]
[Site "Barbera del Valles ESP"]
[Date "2007.07.13"]
[Round "8"]
[White "Fluvia,J"]
[Black "Vehi Bach,V"]
[Result "1-0"]
[WhiteElo "2497"]
[BlackElo "2388"]

1.e4 c5 2.Nf3 e6 3.d4 cxd4 4.Nxd4 Nc6 5.Nc3 d6 6.Be3 Nf6 7.Be2 Be7 8.O-O a6
9.f4 Qc7 10.Qe1 Nxd4 11.Bxd4 b5 12.e5 dxe5 13.fxe5 Nd7 14.Ne4 Bb7 15.Nd6+ Bxd6
16.exd6 Qxd6 17.Rd1 Bd5 18.Bxg7 Rg8 19.Qc3 Qc5+ 20.Rf2 Qxc3 21.Bxc3 O-O-O
22.Ba5 Rde8 23.a4 Bc6 24.Rd6  1-0

[Event "Campeonato Continental Absolut"]
[Site "Cali COL"]
[Date "2007.07.13"]
[Round "4"]
[White "Mateus,Mar"]
[Black "Markzon,G"]
[Result "0-1"]
[WhiteElo "2127"]
[BlackElo "2237"]

1.e4 c5 2.Nf3 e6 3.d4 cxd4 4.Nxd4 Nc6 5.Nc3 Nf6 6.Ndb5 d6 7.Bf4 e5 8.Bg5 a6
9.Na3 b5 10.Bxf6 gxf6 11.Nd5 Bg7 12.g3 f5 13.Qh5 fxe4 14.Bg2 O-O 15.Bxe4 f5
16.Bg2 Be6 17.c3 Ra7 18.O-O Ne7 19.Rad1 e4 20.Nxe7+ Rxe7 21.Nc2 Bf7 22.Qg5 Bg6
23.Nb4 Re6 24.Qxd8 Rxd8 25.Nxa6 Bh5 26.Rd5 Rf6 27.Ra1 Bf7 28.Rxb5 d5 29.Nb4 d4
30.cxd4 Rxd4 31.Rb8+ Bf8 32.Nc2 Rd2 33.Ne3 Kg7 34.Rb5 Bg6 35.a4 f4 36.Nd5 fxg3
37.Nxf6 gxf2+ 38.Kf1 Kxf6 39.Rb6+ Ke5 40.a5 e3 41.Rb5+ Kf6 42.Rb3 Bc5 43.Bf3 Bf5
44.Kg2 e2 45.Bxe2 Rxe2 46.Kf1 Re7 47.Rc1 Ba7 48.Rf3 Rg7 49.Rxf2 Bxf2 50.Kxf2 Rb7
51.Rc6+ Kg5 52.Kg3 Rb3+ 53.Rc3 Rxc3+ 54.bxc3 Bd3 55.h4+ Kf5 56.Kf3 Ba6 57.Kg3 h6
58.Kf3 h5 59.Ke3 Kg4 60.Kd4 Kxh4 61.Kc5 Kg3 62.Kb6 Bd3 63.a6 h4 64.a7 Be4
65.c4 h3 66.c5 h2 67.c6  0-1

[Event "Kaupthing Open"]
[Site "Differdange LUX"]
[Date "2007.07.13"]
[Round "8"]
[White "Daubenfeld,G"]
[Black "Jansa,Vl"]
[Result "0-1"]
[WhiteElo "2158"]
[BlackElo "2494"]

1.e4 c5 2.Nf3 e6 3.d4 cxd4 4.Nxd4 Nc6 5.Nc3 a6 6.Nxc6 bxc6 7.Bd3 d5 8.O-O Nf6
9.Qe2 Be7 10.f4 O-O 11.e5 Nd7 12.Na4 g6 13.b3 Nb6 14.Nxb6 Qxb6+ 15.Kh1 Bb7
16.c4 a5 17.Be3 d4 18.Bd2 Bb4 19.f5 exf5 20.Bh6 c5 21.Bg5 Rae8 22.Bf6 Qxf6
23.exf6 Rxe2 24.Bxe2 Be4 25.Rad1 h5 26.Bd3 h4 27.Rf4 Re8 28.Kg1 g5 29.Rf2 Re5
30.g3 h3 31.g4 Bxd3 32.Rxd3 fxg4 33.Rg3 Be1 34.Rxg4 Bxf2+ 35.Kxf2 Kh7 36.Rg3 Kg6
37.Rxh3 Kxf6 38.a3 Kf5 39.b4 axb4 40.axb4 cxb4 41.Rb3 Ke4 42.Ke2 Ra5 43.Rb2 f5  0-1

[Event "Middlesex vs Young England"]
[Site "London ENG"]
[Date "2007.07.13"]
[Round "5"]
[White "Rayner,F"]
[Black "Hanley,Ja"]
[Result "1/2-1/2"]
[WhiteElo "2237"]
[BlackElo "2213"]

1.e4 c5 2.Nf3 e6 3.d4 cxd4 4.Nxd4 Nc6 5.Nc3 Qc7 6.g3 a6 7.Bg2 d6 8.O-O Bd7
9.Re1 Nf6 10.Nxc6 Bxc6 11.Nd5 Qd8 12.Be3 Nd7 13.Bd4 e5 14.Be3 Bxd5 15.Qxd5 Qc7
16.b3 Be7 17.a4 O-O 18.a5 Nf6 19.Qd3 Qd7 20.Red1 g6 21.c4 Qe6 22.Qf1 Ng4
23.Bd2 Qc8 24.Bh3 f5 25.Qe2 Kh8 26.Bb4 Qe6 27.Rd2 Rad8 28.Rad1 h5 29.exf5 gxf5
30.f3 Nh6 31.Bc3 Kh7 32.f4 h4 33.fxe5 hxg3 34.hxg3 Rg8 35.Kh2 Qg6 36.Rd3 f4
37.gxf4 dxe5 38.Bxe5 Bh4 39.Rd7+ Nf7 40.Qd3 Bg3+ 41.Kh1 Rxd7 42.Qxg6+ Kxg6
43.Rxd7 Nxe5 44.fxe5 Bxe5 45.Rxb7 Bd4 46.Rd7 Bc5 47.Rc7 Bb4 48.Rc6+ Kg5 49.Be6 Rd8
50.Bd5 Bxa5 51.Rxa6 Bc3 52.Kg2 Kf4 53.Re6 Kf5 54.Kf3 Rb8 55.Re3 Bd4 56.Rd3 Ke5
57.Ke2 Rh8 58.b4 Rh2+ 59.Kd1 Rb2 60.b5 Rb1+ 61.Kc2 Rb2+ 62.Kc1 Rf2 63.Rb3 Rf1+
64.Kc2 Rf2+ 65.Kd3 Rh2 66.Rb1 Rh3+ 67.Kc2 Kd6 68.b6 Rh2+ 69.Kd3 Rb2 70.Kxd4 Rxb1
71.c5+ Ke7 72.Bb7 Rd1+ 73.Kc4 Kd8 74.Kb5 Rd7 75.Kc6 Rg7 76.Ba6 Rh7 77.Kb5 Rg7
78.c6 Rg8 79.Kc4 Rg4+ 80.Kd5 Rg5+ 81.Ke4 Rc5 82.Bb7 Rc1 83.Kd5 Rd1+ 84.Kc5 Rc1+
85.Kd4 Rd1+ 86.Kc3 Rc1+ 87.Kd3 Rc5 88.Kd4 Rc1 89.Ke5 Re1+ 90.Kd4 Rd1+ 91.Kc3 Rc1+
92.Kb2 Rc5 93.Ka3 Rc1 94.Kb4 Rb1+ 95.Kc5 Rc1+ 96.Kd4 Rd1+ 97.Ke3 Rc1 98.Kd4 Rd1+
99.Kc4 Rc1+ 100.Kd5 Rd1+ 101.Ke4 Re1+ 102.Kd3 Rc1 103.Ba8 Kc8 104.Bb7+ Kd8
105.Kd4 Rd1+ 106.Ke3 Rc1 107.Kd4 Rd1+ 108.Ke5 Re1+ 109.Kd6  1/2-1/2

[Event "Zudov Mem A"]
[Site "Nizhnij Tagil RUS"]
[Date "2007.07.13"]
[Round "7"]
[White "Andreev,Ed UKR"]
[Black "Maletin,P"]
[Result "1/2-1/2"]
[WhiteElo "2435"]
[BlackElo "2567"]

1.e4 c5 2.Nf3 Nc6 3.Nc3 e6 4.d4 cxd4 5.Nxd4 Qc7 6.Be3 a6 7.Bd3 Nf6 8.O-O Bd6
9.f4 Bc5 10.Nf5 Bxe3+ 11.Nxe3 d6 12.Ng4 Nxg4 13.Qxg4 O-O 14.Qh3 Nb4 15.f5 Qc5+
16.Kh1 f6 17.fxe6 Nxd3 18.cxd3 Re8 19.Qg3 Qe5 20.Nd5 Qxg3 21.hxg3 Rb8 22.Rac1 Bxe6
23.Nc7 Re7 24.Nxe6 Rxe6 25.Rc7 d5 26.exd5 Rd6 27.Rf4 Rf8 28.Rg4 Rf7 29.Rc8+ Rf8
30.Rc7  1/2-1/2

[Event "XXII Tadeusz Gniota Mem"]
[Site "Police POL"]
[Date "2007.07.13"]
[Round "3"]
[White "Grabarczyk,B"]
[Black "Hnydiuk,A"]
[Result "1/2-1/2"]
[WhiteElo "2437"]
[BlackElo "2377"]

1.e4 c5 2.Nf3 e6 3.d4 cxd4 4.Nxd4 Nc6 5.Nc3 d6 6.Nxc6 bxc6 7.Bd3 d5 8.O-O Nf6
9.Qe2 Be7 10.Na4 O-O 11.c4 Bb7 12.e5 Nd7 13.Bf4 Nb6 14.Nc3 dxc4 15.Bc2 c5
16.Qg4 Qc7 17.Rfe1 Rfd8 18.Re3 g6 19.Rh3 Nd5 20.Nxd5 Rxd5 21.Rxh7 Kxh7 22.Qh5+ Kg8
23.Bxg6 fxg6 24.Qxg6+ Kh8  1/2-1/2

[Event "Campeonato Continental Absolut"]
[Site "Cali COL"]
[Date "2007.07.14"]
[Round "5"]
[White "Uribe,M"]
[Black "Zapata,Alo"]
[Result "1/2-1/2"]
[WhiteElo "2351"]
[BlackElo "2486"]

1.e4 c5 2.Nf3 e6 3.d4 cxd4 4.Nxd4 Nc6 5.Nc3 Qc7 6.Be2 Nf6 7.O-O a6 8.Kh1 Be7
9.f4 d6 10.Be3 O-O 11.a4 Re8 12.Bf3 Rb8 13.g4 Nxd4 14.Bxd4 e5 15.fxe5 dxe5
16.Ba7 Ra8 17.g5 Bb4 18.gxf6 Bxc3 19.bxc3 Rxa7 20.Qc1 Qc5 21.Rb1 Ra8 22.Qg5 g6
23.a5 Kh8 24.Bg4 Qc4 25.Bxc8 Qxe4+ 26.Qg2 Qxg2+ 27.Kxg2 Raxc8 28.Rxb7 Kg8
29.Rd1 Rxc3 30.Rdd7 Rxc2+ 31.Kg3 Rf8 32.Rb6 h5 33.Re7 Rfc8 34.Rxe5 R8c3+
35.Kf4 Rxh2 36.Re7 Kh7 37.Rxf7+ Kh6 38.Rf8 Rf2+ 39.Ke4 Kg5 40.f7 Rf4+ 41.Kd5 Rd3+
42.Kc5 Rc3+ 43.Kd5 Ra3 44.Rxa6 Raa4 45.Ra7 Rf5+ 46.Ke6 Re4+ 47.Kd6 Rd4+ 48.Kc6 Rc4+
49.Kb6 Rb4+ 50.Kc6  1/2-1/2

[Event "6th IM"]
[Site "Condom FRA"]
[Date "2007.07.14"]
[Round "9"]
[White "Roser,K"]
[Black "Bujisho,B"]
[Result "0-1"]
[WhiteElo "2408"]
[BlackElo "2384"]

1.e4 c5 2.Nf3 e6 3.d4 cxd4 4.Nxd4 Nc6 5.Nc3 Qc7 6.Be2 a6 7.O-O Nf6 8.Be3 Bb4
9.Na4 Be7 10.Nxc6 bxc6 11.Nb6 Rb8 12.Nxc8 Qxc8 13.Bd4 c5 14.Be5 Rb6 15.Qd3 O-O
16.b3 d6 17.Bc3 Nd7 18.Rad1 Bf6 19.Ba5 Rc6 20.Qg3 Qb8 21.f4 Qa7 22.Kh1 Re8
23.Rd2 Be7 24.Rfd1 Bf8 25.Qe3 Qb8 26.Bf3 c4 27.Be2 cxb3 28.cxb3 Rec8 29.Bc4 Rc5
30.Bc3 Nb6 31.Bb2 Rxc4 32.bxc4 Nxc4 33.Qc3 Nxd2 34.Qxd2 Qb5 35.Ba3 Rc6 36.Qe3 Rc2
37.h3 Rxa2 38.Bxd6 Bxd6 39.Rxd6 Qf1+ 40.Qg1 Qxg1+ 41.Kxg1 h5 42.h4 Ra4 43.g3 Ra2
44.Rd7 a5 45.Ra7 a4 46.Ra8+ Kh7 47.Ra7 Kg6 48.Kh1 a3 49.Kg1 Kf6 50.Kh1 g6
51.Kg1 Kg7 52.Kh1 Kf8 53.Kg1 Ke8 54.Kh1 Kd8 55.Kg1 Kc8 56.e5 Kb8 57.Ra4 Kb7
58.Kh1 Kb6 59.Kg1 Kb5 60.Ra8 Kc4 61.Kh1 Kd4 62.Kg1 Ke4 63.Rc8 Rb2  0-1

[Event "Kaupthing Open"]
[Site "Differdange LUX"]
[Date "2007.07.14"]
[Round "9"]
[White "Nezar,M"]
[Black "Iotov,V"]
[Result "0-1"]
[WhiteElo "2417"]
[BlackElo "2502"]

1.e4 c5 2.Nf3 e6 3.d4 cxd4 4.Nxd4 Nc6 5.Nc3 Qc7 6.Be3 a6 7.Qd2 Nf6 8.f3 Ne5
9.O-O-O Bb4 10.Nb3 b5 11.Qe1 Be7 12.f4 Ng6 13.e5 Ng4 14.Ne4 Nxe3 15.Qxe3 O-O
16.Bd3 Bb7 17.h4 f5 18.Ng5 h6 19.Nf3 Rac8 20.h5 Bxf3 21.Qxf3 Nxf4 22.Rhe1 Qc6
23.Qxc6 Rxc6 24.Bf1 Bh4 25.Re3 Bg5 26.Kb1 Nxg2 27.Rf3 Ne3 28.Rxd7 Nxc2 29.a3 Rfc8
30.Bh3 Ne3 31.Nd4 Rb6 32.Rf2 Rc5 33.Nf3 Rd5 34.Ra7 Rc6 35.Re2 Rd3 36.Bg2 Rc1+
37.Ka2 Nc2 38.b3 Rdd1 39.Kb2 Rb1+ 40.Ka2 Ne1 41.Nxe1 Rxe1 42.Rxe1 Rxe1 43.Bc6 Rxe5
44.Be8 Re2+ 45.Kb1 Kf8 46.Bg6 Rd2 47.Rxa6 Ke7 48.Rb6 f4 49.Rb7+ Kf6 50.Be8 e5
51.Bxb5 e4 52.Rd7 Rxd7 53.Bxd7 f3 54.Bc6 Ke5 55.Kc2 Kf4 56.Kd1 e3 57.Bb5 Kg3
58.Ke1 Kg2 59.Bf1+ Kg1  0-1

[Event "Zudov Mem B"]
[Site "Nizhnij Tagil RUS"]
[Date "2007.07.14"]
[Round "8"]
[White "Ivanov,Andrew"]
[Black "Truskavetsky,A"]
[Result "0-1"]
[WhiteElo "2308"]
[BlackElo "2392"]

1.e4 c5 2.Nf3 e6 3.d4 cxd4 4.Nxd4 Nc6 5.Nc3 Qc7 6.g3 a6 7.Bg2 Nf6 8.O-O d6
9.Re1 Nxd4 10.Qxd4 Be7 11.b3 O-O 12.Bb2 b5 13.Rad1 Bb7 14.h3 Rac8 15.Rd2 Rfd8
16.Red1 h6 17.Ba1 Bc6 18.Qe3 Qb7 19.f3 Rd7 20.Ne2 e5 21.Kh2 Rdc7 22.Bc3 Be8
23.Rc1 b4 24.Bb2 Bb5 25.c4 Bc6 26.Rcd1 Rf8 27.h4 Bxe4 28.Ng1 Bc6 29.Bh3 Re8
30.Bf5 Bf8 31.Bb1 Qa7 32.Qe1 Ba8 33.Qf1 Qb7 34.Qh3 a5 35.Qf5 Qc8 36.Qd3 d5
37.cxd5 Bxd5 38.Qe2 Ba8 39.Re1 Qb7 40.Kh3 Rd7 41.Rxd7 Qxd7+ 42.Kh2 Bd6 43.Rd1 Qc6
44.Nh3 Bb8 45.Ng1 Ba7 46.Rf1 Qd5 47.Nh3 Bd4 48.Bc1 Rc8 49.Bd3 Rd8 50.Bc4 Qc6
51.Bb5 Qc3 52.g4 e4 53.f4 Qc8 54.f5 Be5+ 55.Bf4 Bxf4+ 56.Nxf4 Qc3 57.Rd1 Rxd1
58.Qxd1 Qe5 59.Qd8+ Kh7 60.Qxa8 Qxf4+  0-1

[Event "XXII Tadeusz Gniota Mem"]
[Site "Police POL"]
[Date "2007.07.14"]
[Round "4"]
[White "Owczarzak,J"]
[Black "Maes,W"]
[Result "1-0"]
[WhiteElo "2389"]
[BlackElo "2319"]

1.e4 c5 2.Nf3 e6 3.d4 cxd4 4.Nxd4 Nc6 5.Nc3 Qc7 6.Be3 a6 7.Qd2 Nf6 8.O-O-O Be7
9.f3 O-O 10.g4 b5 11.g5 Ne8 12.Kb1 Na5 13.Bf4 Qb6 14.e5 Bb7 15.Ne4 Bxe4 16.fxe4 d6
17.exd6 Nxd6 18.Bxd6 Bxd6 19.Nf3 Rfd8 20.Bd3 Rac8 21.e5 Be7 22.Qf4 g6 23.h4 Nc4
24.h5 Qe3 25.Qh2 Qxf3 26.hxg6 h5 27.Rdf1 Qg4 28.gxf7+ Kg7 29.Rf4 Nd2+ 30.Qxd2 Qxg5
31.Qh2 Bc5 32.Rf6 Kf8 33.Rg6 Qe3 34.Qxh5 Ke7 35.f8=Q+ Rxf8 36.Rg7+  1-0

[Event "2nd Konig Mem"]
[Site "San Fransisco USA"]
[Date "2007.07.14"]
[Round "?"]
[White "Pruess,D"]
[Black "Fedorowicz,J"]
[Result "0-1"]
[WhiteElo "2424"]
[BlackElo "2460"]

1.e4 c5 2.Nf3 Nc6 3.d4 cxd4 4.Nxd4 e6 5.Nc3 Qc7 6.Be3 a6 7.Bd3 b5 8.Nxc6 Qxc6
9.O-O Nf6 10.a3 Bb7 11.Qe2 Rd8 12.Rad1 Qc7 13.Bd4 d6 14.Qe3 Rc8 15.f4 e5
16.Nd5 Bxd5 17.exd5 Nxd5 18.Qe4 Nf6 19.Qe2 Be7 20.fxe5 dxe5 21.Bxe5 Qb6+
22.Kh1 O-O 23.Bd4 Qe6 24.Qf2 Ne4 25.Qf3 f5 26.g4 Qh6 27.gxf5 Bd6 28.Qg2 Ng3+
29.Kg1 Nxf1 30.Rxf1 Rcd8 31.c3 Be5 32.Bxe5 Qe3+ 33.Kh1 Qxe5 34.Bc2 Kh8 35.Rg1 Qf6
36.a4 Qh6 37.Qg3 Rd2 38.Be4 Qf6 39.axb5 axb5 40.b3 Re8 41.Bb7 Red8 42.c4 bxc4
43.bxc4 Rd1 44.Qf3 Rxg1+ 45.Kxg1 Qd4+ 46.Kg2 Qxc4 47.Be4 Re8 48.Bd5 Qd4 49.Be6 Rd8
50.Kh3 Qd2 51.Bc4 Rc8 52.Qd3 Qxd3+  0-1

[Event "ChIP"]
[Site "Paris FRA"]
[Date "2007.07.15"]
[Round "9"]
[White "Fedorchuk,S"]
[Black "Tregubov,P"]
[Result "1/2-1/2"]
[WhiteElo "2618"]
[BlackElo "2599"]

1.e4 c5 2.Nf3 Nc6 3.Nc3 e6 4.d4 cxd4 5.Nxd4 a6 6.Be2 Qc7 7.O-O Nf6 8.Be3 Bb4
9.Na4 Be7 10.Nxc6 bxc6 11.Nb6 Rb8 12.Nxc8 Qxc8 13.Bd4 c5 14.Be5 Rb6 15.Qd3 d6
16.Bc3 O-O 17.Qg3 d5 18.exd5 exd5 19.b3 Re8 20.Rfe1 Re6 21.Bd3  1/2-1/2

[Event "XII Open"]
[Site "Balaguer ESP"]
[Date "2007.07.16"]
[Round "1"]
[White "Perpinya Rofes,L"]
[Black "Ferrer Dalmau,J"]
[Result "1-0"]
[WhiteElo "2400"]
[BlackElo "1851"]

1.e4 c5 2.Nf3 Nc6 3.d4 cxd4 4.Nxd4 e6 5.Nc3 a6 6.Be2 Qc7 7.O-O Nf6 8.Kh1 Bc5
9.Be3 Nxd4 10.Bxd4 Bxd4 11.Qxd4 e5 12.Qe3 b5 13.f4 exf4 14.Rxf4 O-O 15.Rxf6 gxf6
16.Nd5 Qe5 17.Qh6 Bb7 18.Nxf6+ Qxf6 19.Qxf6 Rfe8 20.Bd3 Re6 21.Qf5 Bc6 22.Rf1 Rg6
23.h4 f6 24.a4 Kh8 25.axb5 axb5 26.Bxb5 Bxb5 27.Qxb5  1-0

[Event "Campeonato Continental Absolut"]
[Site "Cali COL"]
[Date "2007.07.16"]
[Round "7"]
[White "Felgaer,R"]
[Black "Zuluaga,C"]
[Result "1-0"]
[WhiteElo "2559"]
[BlackElo "2339"]

1.e4 c5 2.Nf3 e6 3.d4 cxd4 4.Nxd4 Nc6 5.Nc3 Qc7 6.Be2 a6 7.O-O Nf6 8.Kh1 b5
9.Nxc6 dxc6 10.f4 b4 11.Na4 Bb7 12.e5 Nd5 13.c4 bxc3 14.bxc3 c5 15.Rb1 Bc6
16.c4 Nb4 17.a3 Be4 18.axb4 Bxb1 19.Nc3 Bg6 20.Bf3 Rc8 21.Qa4+ Qd7 22.b5 axb5
23.cxb5 Be7 24.Rd1 Qxd1+ 25.Nxd1 O-O 26.b6 Rb8 27.b7 Rfd8 28.Nb2 h5 29.h3 Bh4
30.f5 Rd4  1-0

[Event "Open"]
[Site "Ghent BEL"]
[Date "2007.07.16"]
[Round "5"]
[White "Dgebuadze,A"]
[Black "Vanderwaeren,S"]
[Result "1-0"]
[WhiteElo "2508"]
[BlackElo "2225"]

1.d4 e6 2.e4 c5 3.Nf3 cxd4 4.Nxd4 Nc6 5.Nc3 a6 6.g3 Nge7 7.Bg2 Nxd4 8.Qxd4 Nc6
9.Qd3 b5 10.O-O Be7 11.Bf4 O-O 12.Rfd1 f6 13.Bd6 Ne5 14.Bxe7 Qxe7 15.Qd4 Nc6
16.Qd2 Ra7 17.h3 Qc5 18.Ne2 Rc7 19.c3 Ne5 20.Qd4 Rf7 21.a4 Bb7 22.Qxc5 Rxc5
23.axb5 Rxb5 24.b4 Kf8 25.Nd4 Rb6 26.Nb3 Ke7 27.Nc5 Bc8 28.Bf1 d6 29.Bxa6 dxc5
30.Bxc8 cxb4 31.cxb4 f5 32.exf5 Rxf5 33.Ra7+ Kf6 34.Ra6 Rxa6 35.Bxa6 Rf3
36.Rb1 Ra3 37.Bb7 Nc4 38.b5 Nb6 39.Bc6 Ke7 40.Kg2 Kd6 41.Be4 h6 42.Rc1 Nd5
43.Rc6+ Ke5 44.Bxd5 exd5 45.Rg6 Rb3 46.Rxg7 Rxb5 47.Rg6 d4 48.Rxh6 Rb3 49.Rh8 d3
50.h4 Rb6 51.Rd8 Ke4 52.h5 Rb5 53.g4 Kf4 54.Rd4+ Kg5 55.Kg3 Rb3 56.f4+ Kh6
57.Rd6+ Kh7 58.Kh4  1-0

[Event "XXII Tadeusz Gniota Mem"]
[Site "Police POL"]
[Date "2007.07.16"]
[Round "6"]
[White "Owczarzak,J"]
[Black "Grabarczyk,B"]
[Result "1/2-1/2"]
[WhiteElo "2389"]
[BlackElo "2437"]

1.e4 c5 2.Nf3 e6 3.d4 cxd4 4.Nxd4 Nc6 5.Nc3 d6 6.Be3 Nf6 7.f3 d5 8.exd5 Nxd5
9.Nxd5 Qxd5 10.Nxc6 bxc6  1/2-1/2

[Event "XII Open"]
[Site "Balaguer ESP"]
[Date "2007.07.17"]
[Round "2"]
[White "Ashwin,J"]
[Black "Vega Gutierrez,B"]
[Result "1-0"]
[WhiteElo "2399"]
[BlackElo "2098"]

1.e4 c5 2.Nf3 e6 3.d4 cxd4 4.Nxd4 Nc6 5.Nc3 a6 6.Nxc6 bxc6 7.e5 d5 8.exd6 Bxd6
9.Qf3 Qc7 10.Ne4 Be5 11.Bd3 Bb7 12.Be3 c5 13.Bxc5 Rd8 14.O-O-O Bxe4 15.Bxe4 Qxc5
16.Bc6+ Ke7 17.Rxd8 Kxd8 18.Rd1+ Kc8 19.Ba4 Nf6 20.Qa8+ Bb8 21.Qxa6+ Kc7
22.Rd3 Nd5 23.Rb3 Nb4 24.Rxb4  1-0

[Event "XII Open"]
[Site "Balaguer ESP"]
[Date "2007.07.17"]
[Round "2"]
[White "Nadig,K"]
[Black "Aroshidze,L"]
[Result "0-1"]
[WhiteElo "2238"]
[BlackElo "2470"]

1.e4 c5 2.Nf3 e6 3.d4 cxd4 4.Nxd4 Nc6 5.Nc3 Qc7 6.Be2 a6 7.O-O Nf6 8.Be3 Be7
9.f4 d6 10.a4 O-O 11.Kh1 Re8 12.a5 Nxa5 13.e5 dxe5 14.fxe5 Qxe5 15.Bf4 Qc5
16.Na4 Qa7 17.Be3 b6 18.Nxe6 Bxe6 19.Bxb6 Qb8 20.Bxa5 Bd6 21.Bf3 Ra7 22.Bc3 Bxh2
23.Bxf6 gxf6 24.Be4 Qe5 25.Re1 Qf4 26.Qh5 Bg3 27.Qxh7+ Kf8 28.Bc6 Rc8 29.Rxe6 fxe6
30.Qh8+ Kf7 31.Qh7+ Kf8 32.Qh8+ Ke7 33.Qxc8 Qh4+ 34.Kg1 Qd4+ 35.Kh1 Qh4+
36.Kg1 Qh2+ 37.Kf1 Qh1+ 38.Ke2 Qxa1 39.Qe8+ Kd6 40.Qd8+ Kxc6 41.Qb6+ Kd7
42.Qxa7+ Ke8 43.Qa8+ Kf7 44.Qb7+ Kg8 45.Qc8+ Kg7 46.Qd7+ Kh6 47.Qd2+ Kh5
48.Kf3 Bh4 49.g4+ Kg6 50.Qd3+ Kh6 51.Qd2+ Bg5 52.Qh2+ Kg6 53.b3 e5 54.Qh5+ Kg7
55.Ke4 Qd4+ 56.Kf5 Qd7+ 57.Ke4 Qc6+ 58.Kd3 Qd5+ 59.Ke2 Qg2+ 60.Ke1 Bd2+ 61.Kd1 Be3  0-1

[Event "Middlesex vs Young England"]
[Site "London ENG"]
[Date "2007.07.18"]
[Round "8"]
[White "Kilpatrick,C"]
[Black "Rayner,F"]
[Result "0-1"]
[WhiteElo "2120"]
[BlackElo "2237"]

1.e4 c5 2.Nf3 Nc6 3.d4 cxd4 4.Nxd4 e6 5.Nc3 Qc7 6.Be2 a6 7.Be3 Nf6 8.O-O Bb4
9.Na4 O-O 10.Nxc6 bxc6 11.Nb6 Rb8 12.Nxc8 Rfxc8 13.Bxa6 Rf8 14.Bd3 Bd6 15.f4 e5
16.f5 Rxb2 17.g4 Qa5 18.g5 Ne8 19.f6 Bc5 20.Bxc5 Qxc5+ 21.Kh1 g6 22.Qg4 d5
23.Qh4 h5 24.gxh6 Kh7 25.Qg5 Qd4 26.Rae1 Nd6 27.Qg4 dxe4 28.Bxe4 Rxc2 29.Rg1 Nxe4
30.Rxe4 Qf2 31.Qg3 Qxf6 32.Rxe5 Rd8 33.Ree1 Rdd2 34.Rgf1 Rxh2+ 35.Qxh2 Rxh2+
36.Kxh2 Qb2+ 37.Kg1 Qd4+ 38.Rf2 Kxh6 39.Kf1 f5 40.Rh2+ Kg5 41.Rg2+ Kf6 42.Re8 f4
43.Rf2 g5 44.Rfe2 c5 45.R8e4 Qd3 46.Re6+ Kf5 47.Re5+ Kg4 48.Ke1 Qb1+ 49.Kd2 Qxa2+
50.Kc3 Qa1+ 51.Kd2 Qd4+ 52.Ke1 c4 53.Rg2+ Kf3 54.Ree2 Qa1+ 55.Kd2 c3+  0-1

[Event "Synthesia Rapid Open"]
[Site "Pardubice CZE"]
[Date "2007.07.18"]
[Round "5"]
[White "Maslak,K"]
[Black "Grachev,B"]
[Result "0-1"]
[WhiteElo "2548"]
[BlackElo "2601"]

1.e4 c5 2.Nf3 e6 3.d4 cxd4 4.Nxd4 Nc6 5.Nc3 Qc7 6.Be2 Nf6 7.O-O Be7 8.Kh1 d6
9.f4 O-O 10.Be3 Nxd4 11.Qxd4 b6 12.Bf3 Bb7 13.Nb5 Qb8 14.c4 a6 15.Nc3 b5
16.cxb5 axb5 17.a3 Rc8 18.Qd3 Bc6 19.b4 Nd7 20.a4 bxa4 21.b5 Bb7 22.Nxa4 Bf6
23.Ra3 Nc5 24.Bxc5 dxc5 25.Qc4 Qxf4 26.g3 Qd2 27.Rb3 Bd4 28.Rd1 Qa5 29.Nc3 Qb6
30.Na4 Qa5 31.Nc3 g6 32.Ne2 Be5 33.Rd7 Qe1+ 34.Kg2 Ra1 35.Kh3 Ba8 36.b6 Bc6
37.b7 Rb8 38.Qxc5 Qf1+ 39.Bg2 Qxe2 40.Qxe5 Bxd7 41.Qxb8+ Kg7 42.Qe5+ f6 43.Qc5 e5+  0-1

[Event "2nd Konig Mem"]
[Site "San Fransisco USA"]
[Date "2007.07.18"]
[Round "?"]
[White "Stein,Alan"]
[Black "Fedorowicz,J"]
[Result "0-1"]
[WhiteElo "2412"]
[BlackElo "2460"]

1.e4 c5 2.Nf3 Nc6 3.d4 cxd4 4.Nxd4 e6 5.Nc3 Qc7 6.Be3 a6 7.Bd3 b5 8.Nxc6 Qxc6
9.e5 Bb7 10.Be4 Qc7 11.Bxb7 Qxb7 12.O-O Ne7 13.Qd3 Nf5 14.Bf4 Be7 15.Rfd1 Qc6
16.Rd2 g5 17.Be3 d5 18.exd6 Nxd6 19.Bd4 O-O 20.Re2 Rfd8 21.Be5 Nc4 22.Qg3 f6
23.Bxf6 Bxf6 24.Ne4 Bg7 25.Nxg5 e5 26.b3 h6 27.Ne4 Nb6 28.Rae1 Nd5 29.Qh4 Nf4
30.Re3 Qg6 31.g3 Ne6 32.c3 Rf8 33.Qe7 Ng5 34.Qb7 Qf7 35.Qxf7+ Rxf7 36.Kg2 Nxe4
37.Rxe4 Rc8 38.Rc1 Rd7 39.Rc2 Rd3 40.c4 Kf7 41.f4 Rd4 42.Kf3 Rxe4 43.Kxe4 exf4
44.gxf4 Bf8 45.a4 bxa4 46.bxa4 Ke6 47.f5+ Kf6 48.Kd4 Rd8+ 49.Kc3 a5  0-1